000 00372nam a22001577a 4500
005 20180417105808.0
008 160517b xxu||||| |||| 00| 0 eng d
041 _aeng
082 _b2643
_a346.07
100 _aBangia R.K.
_9533
245 _aPrinciples of Mercantile law
260 _bAushbad Law Agency
_c2003
300 _a747
650 _aManagement
_9241
942 _cBK
999 _c964
_d964